[Event "BPB Limburg Open - Group A"]
[Site "chess24.com"]
[Date "2016.05.15"]
[Round "5"]
[White "Fier, Alexandr"]
[Black "Prestel, Oliver"]
[Result "1-0"]
[Board "4"]
[WhiteTitle "GM"]
[WhiteElo "2624"]
[WhiteCountry "BRA"]
[WhiteFideId "2107139"]
[WhiteEloChange "1"]
[BlackElo "2097"]
[BlackCountry "GER"]
[BlackFideId "4642511"]
[BlackEloChange "-2"]

1. e4 {[%clk 2:00:28]} e6 {[%clk 2:00:23]} 2. d4 {[%clk 2:00:37]} d5 {[%clk
2:00:27]} 3. Nd2 {[%clk 2:00:47]} Nf6 {[%clk 2:00:29]} 4. e5 {[%clk 2:00:59]}
Nfd7 {[%clk 2:00:37]} 5. c3 {[%clk 2:01:10]} c5 {[%clk 2:00:27]} 6. Bd3 {[%clk
2:01:20]} Nc6 {[%clk 2:00:22]} 7. Ngf3 {[%clk 2:01:30]} g6 {[%clk 1:59:52]} 8. h4
{[%clk 2:01:40]} h6 {[%clk 1:59:49]} 9. O-O {[%clk 2:01:43]} Bg7 {[%clk 1:57:14]}
10. Re1 {[%clk 2:01:52]} g5 {[%clk 1:56:27]} 11. hxg5 {[%clk 1:56:20]} hxg5
{[%clk 1:56:33]} 12. Nf1 {[%clk 1:56:23]} cxd4 {[%clk 1:55:04]} 13. Bxg5 {[%clk
1:53:15]} Qb6 {[%clk 1:54:14]} 14. cxd4 {[%clk 1:53:10]} Nxd4 {[%clk 1:52:31]}
15. N1d2 {[%clk 1:52:12]} Nc6 {[%clk 1:48:44]} 16. Qa4 {[%clk 1:47:59]} Qb4
{[%clk 1:46:05]} 17. Qxb4 {[%clk 1:43:49]} Nxb4 {[%clk 1:46:11]} 18. Bb1 {[%clk
1:44:02]} Rh5 {[%clk 1:44:24]} 19. Bf4 {[%clk 1:42:15]} Nc5 {[%clk 1:35:43]} 20.
Re3 {[%clk 1:41:39]} d4 {[%clk 1:34:56]} 21. Ra3 {[%clk 1:39:28]} d3 {[%clk
1:22:30]} 22. Nc4 {[%clk 1:38:07]} Bd7 {[%clk 1:15:51]} 23. Be3 {[%clk 1:31:48]}
Ne4 {[%clk 1:06:34]} 24. Bxd3 {[%clk 1:30:55]} Nxd3 {[%clk 1:05:41]} 25. Rxd3
{[%clk 1:31:05]} Bc6 {[%clk 1:01:33]} 26. Rad1 {[%clk 1:26:41]} Bd5 {[%clk
0:58:43]} 27. Rd4 {[%clk 1:26:11]} O-O-O {[%clk 0:54:39]} 28. Bf4 {[%clk
1:17:19]} Rdh8 {[%clk 0:50:32]} 29. Kf1 {[%clk 1:16:49]} Rh1+ {[%clk 0:47:05]}
30. Ng1 {[%clk 1:16:59]} f5 {[%clk 0:38:16]} 31. exf6 {[%clk 1:15:47]} Nxf6
{[%clk 0:38:01]} 32. Be5 {[%clk 1:14:47]} R8h5 {[%clk 0:33:52]} 33. Rf4 {[%clk
1:09:35]} R5h2 {[%clk 0:25:14]} 34. Ne3 {[%clk 1:05:08]} Nh5 {[%clk 0:24:19]} 35.
Nxd5 {[%clk 1:04:30]} exd5 {[%clk 0:24:05]} 36. Rc1+ {[%clk 1:02:52]} Kd8 {[%clk
0:22:10]} 37. Bc7+ {[%clk 1:03:02]} Kd7 {[%clk 0:15:35]} 38. Rb4 {[%clk 1:01:11]}
Rh4 {[%clk 0:14:52]} 39. Rxb7 {[%clk 1:01:16]} Rc4 {[%clk 0:14:14]} 40. Rxc4
{[%clk 1:00:41]} dxc4 {[%clk 0:14:20]} 41. Be5+ {[%clk 1:00:49]} 1-0

[Event "BPB Limburg Open - Group A"]
[Site "chess24.com"]
[Date "2016.05.15"]
[Round "5"]
[White "Kuzmin, Yuriy"]
[Black "Fridman, Daniel"]
[Result "0-1"]
[Board "5"]
[WhiteElo "2234"]
[WhiteCountry "RUS"]
[WhiteFideId "24122041"]
[WhiteEloChange "-2"]
[BlackTitle "GM"]
[BlackElo "2614"]
[BlackCountry "GER"]
[BlackFideId "11600454"]
[BlackEloChange "1"]

1. d4 {[%clk 2:00:27]} e6 {[%clk 1:57:35]} 2. c4 {[%clk 2:00:35]} Nf6 {[%clk
1:57:43]} 3. Nf3 {[%clk 2:00:36]} d5 {[%clk 1:57:30]} 4. g3 {[%clk 2:00:41]} dxc4
{[%clk 1:56:56]} 5. Bg2 {[%clk 2:00:51]} a6 {[%clk 1:56:22]} 6. O-O {[%clk
2:00:15]} b5 {[%clk 1:56:03]} 7. Ne5 {[%clk 1:58:28]} c6 {[%clk 1:56:11]} 8. b3
{[%clk 1:58:26]} cxb3 {[%clk 1:56:14]} 9. axb3 {[%clk 1:58:36]} Bb7 {[%clk
1:55:48]} 10. Bb2 {[%clk 1:57:10]} Qb6 {[%clk 1:50:44]} 11. Qc2 {[%clk 1:56:14]}
Nbd7 {[%clk 1:41:05]} 12. Nd2 {[%clk 1:51:31]} Rc8 {[%clk 1:39:26]} 13. Nd3
{[%clk 1:34:54]} Nd5 {[%clk 1:28:27]} 14. Ne4 {[%clk 1:32:22]} Nb4 {[%clk
1:15:53]} 15. Qd2 {[%clk 1:22:45]} Nxd3 {[%clk 1:12:32]} 16. Qxd3 {[%clk
1:22:54]} Be7 {[%clk 1:11:18]} 17. Rfc1 {[%clk 1:20:05]} O-O {[%clk 1:09:37]} 18.
Qe3 {[%clk 0:58:46]} a5 {[%clk 0:56:20]} 19. Nc5 {[%clk 0:56:05]} Nxc5 {[%clk
0:55:35]} 20. dxc5 {[%clk 0:56:15]} Qa7 {[%clk 0:55:23]} 21. b4 {[%clk 0:52:18]}
a4 {[%clk 0:54:56]} 22. g4 {[%clk 0:50:51]} Rfe8 {[%clk 0:46:15]} 23. g5 {[%clk
0:47:08]} Ba8 {[%clk 0:43:57]} 24. Kh1 {[%clk 0:35:54]} Bf8 {[%clk 0:39:50]} 25.
Be5 {[%clk 0:32:45]} Rcd8 {[%clk 0:35:02]} 26. Ra3 {[%clk 0:31:34]} Qd7 {[%clk
0:29:46]} 27. Rd3 {[%clk 0:27:43]} Qe7 {[%clk 0:29:54]} 28. Be4 {[%clk 0:27:06]}
Rxd3 {[%clk 0:29:01]} 29. exd3 {[%clk 0:25:45]} g6 {[%clk 0:24:33]} 30. f4 {[%clk
0:11:48]} Bg7 {[%clk 0:24:29]} 31. Rg1 {[%clk 0:10:06]} Rd8 {[%clk 0:22:45]} 32.
Qh3 {[%clk 0:06:10]} Bxe5 {[%clk 0:20:02]} 33. fxe5 {[%clk 0:06:21]} Rd4 {[%clk
0:20:03]} 34. Qf3 {[%clk 0:03:54]} Rxb4 {[%clk 0:19:41]} 35. Bxc6 {[%clk
0:03:59]} Rf4 {[%clk 0:19:39]} 0-1

[Event "BPB Limburg Open - Group A"]
[Site "chess24.com"]
[Date "2016.05.15"]
[Round "5"]
[White "Socko, Bartosz"]
[Black "Wirig, Anthony"]
[Result "1/2-1/2"]
[Board "6"]
[WhiteTitle "GM"]
[WhiteElo "2600"]
[WhiteCountry "POL"]
[WhiteFideId "1107038"]
[WhiteEloChange "-1"]
[BlackTitle "GM"]
[BlackElo "2494"]
[BlackCountry "FRA"]
[BlackFideId "615013"]
[BlackEloChange "1"]

1. d4 {[%clk 2:00:28]} d5 {[%clk 2:00:05]} 2. c4 {[%clk 2:00:37]} dxc4 {[%clk
1:59:50]} 3. e3 {[%clk 2:00:23]} e5 {[%clk 1:58:30]} 4. Bxc4 {[%clk 2:00:17]} Nc6
{[%clk 1:57:59]} 5. Nf3 {[%clk 1:57:52]} e4 {[%clk 1:56:56]} 6. Nfd2 {[%clk
1:57:34]} Qg5 {[%clk 1:56:23]} 7. Nxe4 {[%clk 1:52:37]} Qxg2 {[%clk 1:56:17]} 8.
Ng3 {[%clk 1:52:43]} Nf6 {[%clk 1:55:35]} 9. Bf1 {[%clk 1:48:18]} Qd5 {[%clk
1:55:13]} 10. Nc3 {[%clk 1:48:26]} Bb4 {[%clk 1:55:11]} 11. Bd2 {[%clk 1:47:17]}
Bxc3 {[%clk 1:54:46]} 12. bxc3 {[%clk 1:47:20]} O-O {[%clk 1:53:50]} 13. c4
{[%clk 1:42:58]} Qd6 {[%clk 1:46:37]} 14. Bg2 {[%clk 1:42:08]} Ne7 {[%clk
1:31:04]} 15. O-O {[%clk 1:40:14]} Nf5 {[%clk 1:26:30]} 16. c5 {[%clk 1:34:16]}
Qa6 {[%clk 1:21:41]} 17. Qe2 {[%clk 1:31:14]} Qxe2 {[%clk 1:18:44]} 18. Nxe2
{[%clk 1:31:21]} Nh4 {[%clk 1:18:48]} 19. f3 {[%clk 1:26:40]} Nxg2 {[%clk
1:14:14]} 20. Kxg2 {[%clk 1:26:48]} b6 {[%clk 1:14:26]} 21. Rfc1 {[%clk 1:26:32]}
Ba6 {[%clk 1:13:21]} 22. Kf2 {[%clk 1:26:04]} Rfe8 {[%clk 1:11:00]} 23. Ng3
{[%clk 1:15:34]} Red8 {[%clk 1:04:36]} 24. Nf5 {[%clk 1:11:04]} Rd7 {[%clk
0:57:27]} 25. c6 {[%clk 1:08:23]} Rdd8 {[%clk 0:57:37]} 26. e4 {[%clk 1:07:58]}
g6 {[%clk 0:51:33]} 27. Bg5 {[%clk 0:57:59]} gxf5 {[%clk 0:51:24]} 28. Bxf6
{[%clk 0:58:07]} fxe4 {[%clk 0:50:23]} 29. Bxd8 {[%clk 0:50:09]} Rxd8 {[%clk
0:50:32]} 30. fxe4 {[%clk 0:50:07]} Rxd4 {[%clk 0:50:42]} 31. Rd1 {[%clk
0:46:22]} Rxe4 {[%clk 0:49:44]} 32. Rd8+ {[%clk 0:37:52]} Kg7 {[%clk 0:49:53]}
33. Rc1 {[%clk 0:38:04]} Bc4 {[%clk 0:47:47]} 34. Rd7 {[%clk 0:35:01]} b5 {[%clk
0:47:35]} 35. Rxc7 {[%clk 0:35:07]} Re2+ {[%clk 0:47:13]} 36. Kg3 {[%clk
0:34:44]} Re6 {[%clk 0:45:04]} 37. a4 {[%clk 0:33:13]} a6 {[%clk 0:45:03]} 38.
Kf4 {[%clk 0:32:29]} Kf6 {[%clk 0:44:55]} 39. axb5 {[%clk 0:31:41]} axb5 {[%clk
0:44:53]} 40. Rd1 {[%clk 0:31:46]} h5 {[%clk 0:43:36]} 41. Rc8 {[%clk 0:23:01]}
Re5 {[%clk 0:42:05]} 42. Rb8 {[%clk 0:17:26]} Rf5+ {[%clk 0:40:17]} 43. Kg3
{[%clk 0:17:14]} Rc5 {[%clk 0:36:15]} 44. Rb6 {[%clk 0:17:06]} Ke5 {[%clk
0:33:23]} 45. Rd7 {[%clk 0:14:48]} Be6 {[%clk 0:31:34]} 46. Rdb7 {[%clk 0:14:59]}
Rc3+ {[%clk 0:30:51]} 47. Kf2 {[%clk 0:15:06]} Rc2+ {[%clk 0:25:31]} 48. Ke3
{[%clk 0:15:10]} Rxh2 {[%clk 0:24:42]} 49. c7 {[%clk 0:13:51]} Rc2 {[%clk
0:24:19]} 50. Ra6 {[%clk 0:13:18]} b4 {[%clk 0:15:20]} 51. Ra5+ {[%clk 0:09:29]}
Kd6 {[%clk 0:14:37]} 52. Rxb4 {[%clk 0:09:36]} Rxc7 {[%clk 0:13:45]} 53. Rxh5
{[%clk 0:09:44]} Ke7 {[%clk 0:13:47]} 54. Ra5 {[%clk 0:09:51]} Kf6 {[%clk
0:13:42]} 55. Rf4+ {[%clk 0:09:59]} Ke7 {[%clk 0:13:53]} 56. Rf2 {[%clk 0:09:44]}
Rb7 {[%clk 0:13:55]} 57. Kd4 {[%clk 0:09:52]} Rb1 {[%clk 0:12:32]} 58. Ra7+
{[%clk 0:09:33]} Kd6 {[%clk 0:12:42]} 59. Rd2 {[%clk 0:09:41]} Re1 {[%clk
0:10:50]} 60. Rb7 {[%clk 0:09:42]} f5 {[%clk 0:09:00]} 61. Rb6+ {[%clk 0:09:19]}
Ke7 {[%clk 0:09:11]} 62. Rh2 {[%clk 0:09:17]} Rd1+ {[%clk 0:07:38]} 63. Ke3
{[%clk 0:09:02]} f4+ {[%clk 0:05:27]} 64. Kxf4 {[%clk 0:08:52]} Rf1+ {[%clk
0:05:38]} 65. Ke3 {[%clk 0:08:53]} Re1+ {[%clk 0:05:48]} 66. Kf2 {[%clk 0:08:54]}
Re5 {[%clk 0:05:50]} 67. Rh6 {[%clk 0:08:35]} Bf7 {[%clk 0:04:24]} 68. Rh7 {[%clk
0:08:05]} Rf5+ {[%clk 0:04:04]} 69. Ke3 {[%clk 0:08:11]} Rf6 {[%clk 0:03:45]} 70.
Rb7+ {[%clk 0:08:13]} Ke6 {[%clk 0:03:54]} 71. Ra7 {[%clk 0:07:49]} Bg6 {[%clk
0:02:37]} 72. Rhb7 {[%clk 0:06:05]} Kd5 {[%clk 0:01:21]} 73. Rd7+ {[%clk
0:05:38]} Kc5 {[%clk 0:01:24]} 74. Ra5+ {[%clk 0:05:20]} Kb4 {[%clk 0:01:25]} 75.
Re5 {[%clk 0:05:03]} Rc6 {[%clk 0:01:24]} 76. Rb7+ {[%clk 0:05:04]} Kc3 {[%clk
0:01:25]} 77. Rd7 {[%clk 0:04:07]} Bc2 {[%clk 0:01:22]} 78. Ke2 {[%clk 0:04:19]}
Bb3 {[%clk 0:00:58]} 79. Re3+ {[%clk 0:04:07]} Kb2 {[%clk 0:00:56]} 80. Ree7
{[%clk 0:02:14]} Re6+ {[%clk 0:00:37]} 81. Kd2 {[%clk 0:02:25]} Rxe7 {[%clk
0:00:46]} 82. Rxe7 {[%clk 0:02:36]} Bd5 {[%clk 0:00:45]} 83. Rd7 {[%clk 0:02:45]}
Be6 {[%clk 0:00:47]} 84. Rb7+ {[%clk 0:02:54]} Ka2 {[%clk 0:00:43]} 85. Kc3
{[%clk 0:03:04]} Ka1 {[%clk 0:00:30]} 86. Rb5 {[%clk 0:03:10]} Bf7 {[%clk
0:00:29]} 87. Rg5 {[%clk 0:03:19]} Be6 {[%clk 0:00:33]} 88. Kc2 {[%clk 0:03:29]}
Bf7 {[%clk 0:00:21]} 89. Rg1+ {[%clk 0:02:53]} Ka2 {[%clk 0:00:35]} 90. Rg7
{[%clk 0:03:00]} Bb3+ {[%clk 0:00:45]} 91. Kc3 {[%clk 0:03:07]} Be6 {[%clk
0:00:54]} 92. Rg2+ {[%clk 0:03:06]} Ka1 {[%clk 0:00:52]} 93. Rb2 {[%clk 0:03:18]}
Bf7 {[%clk 0:00:44]} 94. Rb6 {[%clk 0:03:12]} Ka2 {[%clk 0:00:21]} 95. Kc2 {[%clk
0:03:19]} Ka1 {[%clk 0:00:19]} 96. Rb1+ {[%clk 0:03:13]} Ka2 {[%clk 0:00:29]} 97.
Rb2+ {[%clk 0:03:25]} Ka1 {[%clk 0:00:22]} 98. Rb6 {[%clk 0:03:39]} Bd5 {[%clk
0:00:20]} 99. Rb4 {[%clk 0:03:32]} Bf7 {[%clk 0:00:24]} 100. Rg4 {[%clk 0:03:37]}
Be6 {[%clk 0:00:20]} 101. Rg5 {[%clk 0:03:48]} Bf7 {[%clk 0:00:17]} 102. Ra5+
{[%clk 0:03:55]} Ba2 {[%clk 0:00:24]} 103. Rb5 {[%clk 0:04:09]} Bf7 {[%clk
0:00:30]} 104. Rb6 {[%clk 0:04:08]} Bd5 {[%clk 0:00:37]} 105. Ra6+ {[%clk
0:03:34]} Ba2 {[%clk 0:00:46]} 106. Kc3 {[%clk 0:03:44]} Kb1 {[%clk 0:00:55]}
107. Rb6+ {[%clk 0:03:43]} Ka1 {[%clk 0:00:56]} 108. Kc2 {[%clk 0:03:53]} 1/2-1/2

[Event "BPB Limburg Open - Group A"]
[Site "chess24.com"]
[Date "2016.05.15"]
[Round "5"]
[White "Miedema, David"]
[Black "Van Foreest, Jorden"]
[Result "0-1"]
[Board "7"]
[WhiteTitle "IM"]
[WhiteElo "2355"]
[WhiteCountry "NED"]
[WhiteFideId "1018477"]
[WhiteEloChange "-5"]
[BlackTitle "GM"]
[BlackElo "2557"]
[BlackCountry "NED"]
[BlackFideId "1039784"]
[BlackEloChange "2"]

1. d4 {[%clk 2:00:15]} d5 {[%clk 1:59:54]} 2. c4 {[%clk 2:00:24]} c6 {[%clk
2:00:06]} 3. cxd5 {[%clk 2:00:34]} cxd5 {[%clk 2:00:19]} 4. Nc3 {[%clk 2:00:44]}
Nf6 {[%clk 2:00:21]} 5. Nf3 {[%clk 2:00:57]} Nc6 {[%clk 2:00:24]} 6. Bf4 {[%clk
2:01:09]} e6 {[%clk 2:00:32]} 7. e3 {[%clk 2:01:19]} Bd6 {[%clk 2:00:32]} 8. Bg3
{[%clk 2:01:26]} O-O {[%clk 1:59:15]} 9. Bd3 {[%clk 2:01:33]} Bxg3 {[%clk
1:47:35]} 10. hxg3 {[%clk 2:01:45]} h6 {[%clk 1:46:41]} 11. Rh4 {[%clk 1:57:09]}
Qd6 {[%clk 1:37:59]} 12. a3 {[%clk 1:55:40]} Bd7 {[%clk 1:36:46]} 13. Ke2 {[%clk
1:47:26]} Rfe8 {[%clk 1:32:56]} 14. Qh1 {[%clk 1:44:33]} e5 {[%clk 1:32:56]} 15.
Nb5 {[%clk 1:42:48]} Qe7 {[%clk 1:23:58]} 16. dxe5 {[%clk 1:27:00]} Nxe5 {[%clk
1:23:30]} 17. Nxe5 {[%clk 1:14:18]} Qxe5 {[%clk 1:23:43]} 18. Nd4 {[%clk
1:14:31]} Ng4 {[%clk 1:23:19]} 19. Rd1 {[%clk 1:07:01]} Kh8 {[%clk 1:16:20]} 20.
Kd2 {[%clk 0:59:06]} Qf6 {[%clk 1:14:41]} 21. Rf1 {[%clk 0:58:23]} Rac8 {[%clk
1:14:28]} 22. Be2 {[%clk 0:53:50]} Nxf2 {[%clk 1:10:55]} 23. Qg1 {[%clk 0:50:58]}
Qb6 {[%clk 1:10:59]} 24. Ke1 {[%clk 0:50:40]} Ne4 {[%clk 1:10:46]} 25. Rxf7
{[%clk 0:50:17]} Rc1+ {[%clk 1:10:38]} 26. Bd1 {[%clk 0:50:11]} Qxb2 {[%clk
1:10:27]} 27. Rxe4 {[%clk 0:49:28]} Rxe4 {[%clk 1:10:12]} 28. Ne2 {[%clk
0:49:32]} 0-1

[Event "BPB Limburg Open - Group A"]
[Site "chess24.com"]
[Date "2016.05.15"]
[Round "5"]
[White "Chatalbashev, Boris"]
[Black "Beeke, Bob"]
[Result "1-0"]
[Board "8"]
[WhiteTitle "GM"]
[WhiteElo "2548"]
[WhiteCountry "BUL"]
[WhiteFideId "2900440"]
[WhiteEloChange "1"]
[BlackElo "2244"]
[BlackCountry "NED"]
[BlackFideId "1011634"]
[BlackEloChange "-3"]

1. c4 {[%clk 2:00:27]} c6 {[%clk 1:59:20]} 2. Nf3 {[%clk 2:00:06]} d5 {[%clk
1:59:08]} 3. g3 {[%clk 2:00:01]} Nf6 {[%clk 1:58:38]} 4. Bg2 {[%clk 2:00:00]}
dxc4 {[%clk 1:58:17]} 5. O-O {[%clk 1:59:46]} Nbd7 {[%clk 1:58:22]} 6. Qc2 {[%clk
1:58:30]} Nb6 {[%clk 1:57:31]} 7. Na3 {[%clk 1:58:06]} Be6 {[%clk 1:52:31]} 8.
Ng5 {[%clk 1:57:47]} Bg4 {[%clk 1:52:39]} 9. Nxc4 {[%clk 1:57:40]} Bxe2 {[%clk
1:51:44]} 10. Ne5 {[%clk 1:57:46]} Bh5 {[%clk 1:51:50]} 11. Re1 {[%clk 1:57:31]}
e6 {[%clk 1:50:44]} 12. Bf3 {[%clk 1:52:12]} Bg6 {[%clk 1:24:01]} 13. Bxc6+
{[%clk 1:45:30]} bxc6 {[%clk 1:18:41]} 14. Qxc6+ {[%clk 1:45:35]} Nfd7 {[%clk
1:17:43]} 15. Nexf7 {[%clk 1:38:29]} Bxf7 {[%clk 1:14:33]} 16. Nxf7 {[%clk
1:38:18]} Qf6 {[%clk 1:13:14]} 17. Nxh8 {[%clk 1:37:46]} e5 {[%clk 1:12:51]} 18.
Qe4 {[%clk 1:31:59]} O-O-O {[%clk 1:04:17]} 19. d4 {[%clk 1:29:07]} exd4 {[%clk
0:50:05]} 20. Nf7 {[%clk 1:19:24]} Bb4 {[%clk 0:46:49]} 21. Bf4 {[%clk 1:10:07]}
Nc5 {[%clk 0:44:00]} 22. Rac1 {[%clk 1:08:54]} Rd5 {[%clk 0:36:07]} 23. Qe8+
{[%clk 1:05:59]} Kb7 {[%clk 0:36:15]} 24. Re7+ {[%clk 1:03:17]} Ka6 {[%clk
0:34:04]} 25. a3 {[%clk 1:02:55]} Nd3 {[%clk 0:32:52]} 26. axb4 {[%clk 1:01:14]}
Nxc1 {[%clk 0:31:09]} 27. Bxc1 {[%clk 1:01:07]} Qf3 {[%clk 0:28:13]} 28. Qc6
{[%clk 0:55:32]} Qd1+ {[%clk 0:18:59]} 29. Kg2 {[%clk 0:55:36]} d3 {[%clk
0:18:56]} 30. b5+ {[%clk 0:54:50]} Rxb5 {[%clk 0:18:14]} 31. Qb7+ {[%clk
0:53:49]} Ka5 {[%clk 0:18:20]} 32. Qxa7+ {[%clk 0:53:46]} 1-0

[Event "BPB Limburg Open - Group A"]
[Site "chess24.com"]
[Date "2016.05.15"]
[Round "5"]
[White "Schroeder, Jan-Christian"]
[Black "Ernst, Sipke"]
[Result "1/2-1/2"]
[Board "9"]
[WhiteTitle "GM"]
[WhiteElo "2508"]
[WhiteCountry "GER"]
[WhiteFideId "24662259"]
[WhiteEloChange "1"]
[BlackTitle "GM"]
[BlackElo "2543"]
[BlackCountry "NED"]
[BlackFideId "1004689"]
[BlackEloChange "-1"]

1. e4 {[%clk 2:00:09]} e5 {[%clk 2:00:25]} 2. Nf3 {[%clk 1:59:59]} Nc6 {[%clk
2:00:35]} 3. Bb5 {[%clk 1:59:18]} a6 {[%clk 2:00:46]} 4. Ba4 {[%clk 1:59:30]} Nf6
{[%clk 2:00:58]} 5. O-O {[%clk 1:59:33]} Be7 {[%clk 2:01:09]} 6. d3 {[%clk
1:58:15]} b5 {[%clk 2:01:19]} 7. Bb3 {[%clk 1:58:26]} d6 {[%clk 2:01:31]} 8. a3
{[%clk 1:58:28]} O-O {[%clk 2:01:41]} 9. Nc3 {[%clk 1:58:40]} Bg4 {[%clk
1:58:23]} 10. Be3 {[%clk 1:58:28]} Na5 {[%clk 1:58:35]} 11. Ba2 {[%clk 1:58:05]}
c5 {[%clk 1:58:49]} 12. Nd5 {[%clk 1:49:06]} Nc6 {[%clk 1:58:58]} 13. h3 {[%clk
1:48:14]} Be6 {[%clk 1:58:16]} 14. Nxf6+ {[%clk 1:39:40]} Bxf6 {[%clk 1:58:23]}
15. Bxe6 {[%clk 1:39:51]} fxe6 {[%clk 1:58:34]} 16. c3 {[%clk 1:40:03]} Qd7
{[%clk 1:48:57]} 17. b4 {[%clk 1:33:30]} cxb4 {[%clk 1:48:50]} 18. axb4 {[%clk
1:28:43]} a5 {[%clk 1:49:00]} 19. bxa5 {[%clk 1:27:38]} Nxa5 {[%clk 1:48:51]} 20.
Qb1 {[%clk 1:22:37]} Rfb8 {[%clk 1:40:33]} 21. Ra3 {[%clk 1:18:36]} Nb7 {[%clk
1:38:42]} 22. Rxa8 {[%clk 1:17:33]} Rxa8 {[%clk 1:38:52]} 23. Qb4 {[%clk
1:17:21]} Rc8 {[%clk 1:36:00]} 24. Rb1 {[%clk 1:12:26]} Nc5 {[%clk 1:35:04]} 25.
Bxc5 {[%clk 0:57:44]} Rxc5 {[%clk 1:35:02]} 26. d4 {[%clk 0:50:17]} Rc4 {[%clk
1:35:08]} 27. Qxb5 {[%clk 0:49:49]} Qxb5 {[%clk 1:35:19]} 28. Rxb5 {[%clk
0:49:58]} exd4 {[%clk 1:33:14]} 29. cxd4 {[%clk 0:50:06]} Bxd4 {[%clk 1:27:29]}
30. Ng5 {[%clk 0:44:58]} Rc1+ {[%clk 1:25:24]} 31. Kh2 {[%clk 0:45:09]} Rc8
{[%clk 1:25:37]} 32. Nxe6 {[%clk 0:43:22]} Bxf2 {[%clk 1:25:49]} 33. Rb7 {[%clk
0:43:31]} Re8 {[%clk 1:24:34]} 34. Nxg7 {[%clk 0:42:40]} Rxe4 {[%clk 1:23:53]}
35. Nf5 {[%clk 0:42:43]} h5 {[%clk 1:07:38]} 36. Nxd6 {[%clk 0:39:37]} Re1 {[%clk
1:04:45]} 37. g4 {[%clk 0:26:15]} Re2 {[%clk 1:02:41]} 38. Nf5 {[%clk 0:24:34]}
Be3+ {[%clk 1:01:53]} 39. Kg3 {[%clk 0:24:16]} hxg4 {[%clk 1:00:59]} 40. hxg4
{[%clk 0:20:08]} Bc1 {[%clk 1:00:48]} 41. Rc7 {[%clk 0:18:25]} Re1 {[%clk
0:59:19]} 42. Kf2 {[%clk 0:17:19]} Rd1 {[%clk 0:58:46]} 43. Ke2 {[%clk 0:16:55]}
Rg1 {[%clk 0:58:26]} 44. Kf3 {[%clk 0:16:56]} Re1 {[%clk 0:55:57]} 45. Ng3 {[%clk
0:14:39]} Bg5 {[%clk 0:55:17]} 46. Nf5 {[%clk 0:10:48]} Kf8 {[%clk 0:54:11]} 47.
Rb7 {[%clk 0:10:38]} Rf1+ {[%clk 0:52:15]} 48. Kg3 {[%clk 0:09:04]} Rg1+ {[%clk
0:51:57]} 49. Kh3 {[%clk 0:08:57]} Ra1 {[%clk 0:51:38]} 50. Ng3 {[%clk 0:07:39]}
Ra3 {[%clk 0:51:14]} 51. Rb5 {[%clk 0:07:47]} Be7 {[%clk 0:50:19]} 52. Rd5 {[%clk
0:07:30]} Kf7 {[%clk 0:49:33]} 53. Kg2 {[%clk 0:06:50]} Ra2+ {[%clk 0:49:27]} 54.
Kf3 {[%clk 0:06:58]} Ke6 {[%clk 0:49:37]} 55. Rd3 {[%clk 0:07:06]} Ra3 {[%clk
0:49:44]} 56. Ke4 {[%clk 0:07:08]} 1/2-1/2

[Event "BPB Limburg Open - Group A"]
[Site "chess24.com"]
[Date "2016.05.15"]
[Round "5"]
[White "Janssen, Ruud"]
[Black "Van Dooren, Dirk"]
[Result "0-1"]
[Board "10"]
[WhiteTitle "GM"]
[WhiteElo "2508"]
[WhiteCountry "NED"]
[WhiteFideId "1004816"]
[WhiteEloChange "-7"]
[BlackTitle "FM"]
[BlackElo "2365"]
[BlackCountry "NED"]
[BlackFideId "1015761"]
[BlackEloChange "14"]

1. Nf3 {[%clk 2:00:15]} f5 {[%clk 2:00:21]} 2. g3 {[%clk 1:59:11]} Nf6 {[%clk
2:00:26]} 3. Bg2 {[%clk 1:59:13]} d6 {[%clk 1:57:26]} 4. d4 {[%clk 1:57:08]} e6
{[%clk 1:57:23]} 5. O-O {[%clk 1:56:51]} Be7 {[%clk 1:57:36]} 6. c4 {[%clk
1:56:19]} O-O {[%clk 1:56:56]} 7. Nc3 {[%clk 1:56:14]} Ne4 {[%clk 1:56:56]} 8.
Nxe4 {[%clk 1:54:50]} fxe4 {[%clk 1:57:05]} 9. Nd2 {[%clk 1:55:00]} d5 {[%clk
1:57:13]} 10. f3 {[%clk 1:54:57]} Nc6 {[%clk 1:56:55]} 11. fxe4 {[%clk 1:53:05]}
Rxf1+ {[%clk 1:54:32]} 12. Kxf1 {[%clk 1:51:26]} dxc4 {[%clk 1:53:01]} 13. Nf3
{[%clk 1:38:39]} b5 {[%clk 1:44:43]} 14. Be3 {[%clk 1:19:51]} Rb8 {[%clk
1:30:25]} 15. Qd2 {[%clk 1:07:05]} a5 {[%clk 1:14:08]} 16. Rd1 {[%clk 1:05:18]}
a4 {[%clk 1:10:07]} 17. d5 {[%clk 0:57:19]} Bb4 {[%clk 1:04:54]} 18. Qc2 {[%clk
0:56:28]} exd5 {[%clk 1:02:42]} 19. exd5 {[%clk 0:56:38]} Ne7 {[%clk 1:02:48]}
20. Bf2 {[%clk 0:34:21]} Qf8 {[%clk 0:52:19]} 21. a3 {[%clk 0:20:26]} Bd6 {[%clk
0:49:38]} 22. Kg1 {[%clk 0:20:25]} Ng6 {[%clk 0:44:41]} 23. Rf1 {[%clk 0:19:32]}
Bd7 {[%clk 0:36:11]} 24. Kh1 {[%clk 0:10:45]} Re8 {[%clk 0:35:03]} 25. Nd4 {[%clk
0:09:17]} Qf6 {[%clk 0:33:43]} 26. Bg1 {[%clk 0:08:42]} Qe5 {[%clk 0:32:19]} 27.
Qd2 {[%clk 0:08:04]} Rf8 {[%clk 0:29:26]} 28. Rxf8+ {[%clk 0:07:34]} Nxf8 {[%clk
0:29:34]} 29. Nc6 {[%clk 0:07:04]} Bxc6 {[%clk 0:27:26]} 30. dxc6 {[%clk
0:07:17]} Ne6 {[%clk 0:27:34]} 31. Bd5 {[%clk 0:06:56]} Kf8 {[%clk 0:27:36]} 32.
e4 {[%clk 0:06:35]} Ke7 {[%clk 0:27:02]} 33. Be3 {[%clk 0:06:12]} h5 {[%clk
0:24:38]} 34. Qf2 {[%clk 0:05:08]} Qf6 {[%clk 0:24:12]} 35. Qe2 {[%clk 0:04:30]}
Be5 {[%clk 0:22:03]} 36. Bd2 {[%clk 0:04:15]} Nd4 {[%clk 0:20:06]} 37. Qd1 {[%clk
0:02:47]} Qf2 {[%clk 0:18:06]} 38. Bb4+ {[%clk 0:02:11]} Kd8 {[%clk 0:18:12]} 39.
Bc5 {[%clk 0:00:32]} Qf3+ {[%clk 0:17:56]} 40. Qxf3 {[%clk 0:00:46]} Nxf3 {[%clk
0:18:04]} 41. Kg2 {[%clk 0:00:59]} Ne1+ {[%clk 0:18:15]} 42. Kf1 {[%clk 0:01:05]}
Nd3 {[%clk 0:18:26]} 43. Be3 {[%clk 0:00:52]} Bxb2 {[%clk 0:18:23]} 44. Ke2
{[%clk 0:01:04]} Bxa3 {[%clk 0:18:29]} 45. Bd4 {[%clk 0:01:16]} Bb2 {[%clk
0:18:23]} 0-1